000 00418nam a22001697a 4500
003 MPLRDC
005 20220104123846.0
008 210129b ||||| |||| 00| 0 eng d
082 _a490.8 JYGL v.29
100 _a黄柏松 编译
245 _a5 分钟育才
_c
260 _a台湾
_b大展出版社
_c1984
300 _b232
490 _a经营管理. 29
650 _a经营管理
942 _cBK
_o490.8 JYGL v.29
999 _c14758
_d14748